00726nam a2200205Ia 4500003000900000008004100009040001600050080002500066110003300091245009700124260005000221300000900271500001900280650001900299650003700318650002000355942000700375999001500382952012300397IN-BaIIA211028s9999 xx 000 0 eng d cIIA Library a083.7:621.822.7bISI aIndian Standards Institution 0aIndian standard glossary of terms relating to rolling bearingscIndian Standards Institution aNew DelhibIndian Standards Institutionc1965 a30p. aIS 2399 : 1964 aNASA Thesaurus aRolling Bearings-Standards99186 aStandards98876 cBK c5195d5195 00104070aBANbBANcGENd1976-12-22g5.00l0o083.7:621.822.7/ ISIp5799r2021-11-05v5.00w1976-12-22yBKGRs. 5.00